| 000 | 01549nam a22004937a 4500 | ||
|---|---|---|---|
| 001 | BR2012006361 | ||
| 003 | BR-BrBNA | ||
| 005 | 20230928104049.0 | ||
| 007 | ta | ||
| 008 | 230509b bl.||||| |||| 00| 0 por d | ||
| 040 |
_aBR-BrBNA _bpor _cBiblioteca Nacional de Agricultura |
||
| 041 | _a(Por) | ||
| 072 |
_aE14 _b0600 |
||
| 090 | _ 0600 BR2012006361 | ||
| 110 | 1 |
_aMinistério da Agricultura e do Abastecimento, Brasília, DF (Brasil). Secretaria de Desenvolvimento Rural _96734 |
|
| 110 | 1 | _aAssociação dos Produtores e Exportadores de Hortigranjeiros e Derivados do Vale do são Francisco, Petrolina, MA (Brasil) | |
| 245 | 1 |
_aProjeto de apoio ao planejamento do desenvolvimento da fruticultura irrigada do Estado de Pernambuco _bRevisado |
|
| 260 | 3 |
_aBrasília, DF (Brasil): _c1998. |
|
| 300 | _av. 1-2 | ||
| 650 | _aFRUTICULTURA | ||
| 650 | _aCOMÉRCIO EXTERIOR | ||
| 650 | _aPERNAMBUCO | ||
| 650 | _aPRODUÇÃO AGRÍCOLA | ||
| 650 | _aRECURSO HÍDRICO | ||
| 650 | _aPROJETO DE DESENVOLVIMENTO | ||
| 650 | _aIRRIGAÇÃO | ||
| 650 | _aLOGÍSTICA | ||
| 650 | _aTRANSPORTE | ||
| 650 | _aDISTRIBUIÇÃO DE ÁGUA | ||
| 650 | _aTELECOMUNICAÇÃO | ||
| 650 | _aENERGIA | ||
| 650 | _aIMPLEMENTO AGRÍCOLA | ||
| 650 | _aFERTILIZANTE | ||
| 650 | _aDEFENSIVO | ||
| 650 | _aSEMENTE | ||
| 650 | _aMUDA | ||
| 650 | _aEMBALAGEM | ||
| 650 | _aCOMERCIALIZAÇÃO | ||
| 650 | _aLEGISLAÇÃO | ||
| 650 | _aNORMALIZAÇÃO | ||
| 650 | _aIMPACTO AMBIENTAL | ||
| 909 |
_a202309 _bLucia _c55 _dLucia Elande |
||
| 942 | _cBK | ||
| 999 |
_c77936 _d77936 |
||